Viral diseases of cattle

Zapisane w:
Opis bibliograficzny
1. autor: Kahrs, Robert F.
Format: Książka
Język:Undetermined
Wydane: Ames Iowa State University Press 1981
Hasła przedmiotowe:
Etykiety: Dodaj etykietę
Nie ma etykietki, Dołącz pierwszą etykiete!
Thư viện lưu trữ: Trung tâm Học liệu Trường Đại học Cần Thơ
LEADER 00505nam a2200193Ia 4500
001 CTU_126110
008 210402s9999 xx 000 0 und d
082 |a 636.20896925 
082 |b K12 
100 |a Kahrs, Robert F. 
245 0 |a Viral diseases of cattle 
245 0 |c Robert F. Kahrs 
260 |a Ames 
260 |b Iowa State University Press 
260 |c 1981 
650 |a Cattle 
650 |x Virus diseases 
904 |i Nguyên 
980 |a Trung tâm Học liệu Trường Đại học Cần Thơ